<?xml version="1.0" encoding="UTF-8"?>
<collection xmlns="http://www.loc.gov/MARC21/slim">
 <record>
  <leader>03355cam a2200589  a4500</leader>
  <controlfield tag="001">144745216X</controlfield>
  <controlfield tag="003">DE-627</controlfield>
  <controlfield tag="005">20230105104533.0</controlfield>
  <controlfield tag="007">tu</controlfield>
  <controlfield tag="008">130110m20122012xx |||||      00| ||ger c</controlfield>
  <datafield tag="020" ind1=" " ind2=" ">
   <subfield code="a">9783905924145</subfield>
   <subfield code="9">978-3-905924-14-5</subfield>
  </datafield>
  <datafield tag="035" ind1=" " ind2=" ">
   <subfield code="a">(DE-627)144745216X</subfield>
  </datafield>
  <datafield tag="035" ind1=" " ind2=" ">
   <subfield code="a">(DE-576)377452165</subfield>
  </datafield>
  <datafield tag="035" ind1=" " ind2=" ">
   <subfield code="a">(DE-599)BSZ377452165</subfield>
  </datafield>
  <datafield tag="040" ind1=" " ind2=" ">
   <subfield code="a">DE-627</subfield>
   <subfield code="b">ger</subfield>
   <subfield code="c">DE-627</subfield>
   <subfield code="e">rakwb</subfield>
  </datafield>
  <datafield tag="041" ind1=" " ind2=" ">
   <subfield code="a">ger</subfield>
  </datafield>
  <datafield tag="044" ind1=" " ind2=" ">
   <subfield code="c">XA-CH-LU</subfield>
  </datafield>
  <datafield tag="050" ind1=" " ind2="0">
   <subfield code="a">ND3359.U82</subfield>
  </datafield>
  <datafield tag="084" ind1=" " ind2=" ">
   <subfield code="a">9,10</subfield>
   <subfield code="2">ssgn</subfield>
  </datafield>
  <datafield tag="084" ind1=" " ind2=" ">
   <subfield code="a">AM 53800</subfield>
   <subfield code="2">rvk</subfield>
   <subfield code="0">(DE-625)rvk/4360:</subfield>
  </datafield>
  <datafield tag="245" ind1="1" ind2="4">
   <subfield code="a">Der Uta-Codex</subfield>
   <subfield code="b">frühe Regensburger Buchmalerei in Vollendung; die Handschrift Clm 13601 der Bayerischen Staatsbibliothek</subfield>
   <subfield code="c">Karl-Georg Pfändtner und Brigitte Gullath. Hrsg. von der Bayerischen Staatsbibliothek</subfield>
  </datafield>
  <datafield tag="264" ind1=" " ind2="1">
   <subfield code="a">Luzern</subfield>
   <subfield code="b">Quaternio Verl.</subfield>
   <subfield code="c">2012</subfield>
  </datafield>
  <datafield tag="336" ind1=" " ind2=" ">
   <subfield code="a">Text</subfield>
   <subfield code="b">txt</subfield>
   <subfield code="2">rdacontent</subfield>
  </datafield>
  <datafield tag="337" ind1=" " ind2=" ">
   <subfield code="a">ohne Hilfsmittel zu benutzen</subfield>
   <subfield code="b">n</subfield>
   <subfield code="2">rdamedia</subfield>
  </datafield>
  <datafield tag="338" ind1=" " ind2=" ">
   <subfield code="a">Band</subfield>
   <subfield code="b">nc</subfield>
   <subfield code="2">rdacarrier</subfield>
  </datafield>
  <datafield tag="500" ind1=" " ind2=" ">
   <subfield code="a">Im Schuber. - The accompanying portfolio includes a facsimile reproduction of folio 1 and 2 of the manuscript. - Includes bibliographical references (p. 153-158)</subfield>
  </datafield>
  <datafield tag="610" ind1="2" ind2="0">
   <subfield code="a">Bayerische Staatsbibliothek</subfield>
  </datafield>
  <datafield tag="630" ind1="0" ind2="0">
   <subfield code="a">Uta-Evangelistar</subfield>
   <subfield code="x">Illustrations</subfield>
  </datafield>
  <datafield tag="650" ind1=" " ind2="0">
   <subfield code="a">Evangeliaries</subfield>
   <subfield code="x">Illustrations</subfield>
   <subfield code="x">Germany</subfield>
   <subfield code="x">Regensburg</subfield>
  </datafield>
  <datafield tag="650" ind1=" " ind2="0">
   <subfield code="a">Illumination of books and manuscripts, German</subfield>
   <subfield code="x">Germany</subfield>
   <subfield code="x">Regensburg</subfield>
  </datafield>
  <datafield tag="650" ind1=" " ind2="0">
   <subfield code="a">Illumination of books and manuscripts, Ottonian</subfield>
   <subfield code="x">Germany</subfield>
   <subfield code="x">Regensburg</subfield>
  </datafield>
  <datafield tag="650" ind1=" " ind2="0">
   <subfield code="a">Illumination of books and manuscripts, Medieval</subfield>
   <subfield code="x">Germany</subfield>
   <subfield code="x">Regensburg</subfield>
  </datafield>
  <datafield tag="650" ind1=" " ind2="0">
   <subfield code="a">Christian art and symbolism</subfield>
   <subfield code="x">Medieval, 500-1500</subfield>
   <subfield code="x">Germany</subfield>
   <subfield code="x">Regensburg</subfield>
  </datafield>
  <datafield tag="689" ind1="0" ind2="0">
   <subfield code="d">u</subfield>
   <subfield code="0">(DE-588)4267763-4</subfield>
   <subfield code="0">(DE-627)104549173</subfield>
   <subfield code="0">(DE-576)210651350</subfield>
   <subfield code="a">Uta-Codex</subfield>
   <subfield code="2">gnd</subfield>
  </datafield>
  <datafield tag="689" ind1="0" ind2="1">
   <subfield code="d">s</subfield>
   <subfield code="0">(DE-588)4008650-1</subfield>
   <subfield code="0">(DE-627)104318244</subfield>
   <subfield code="0">(DE-576)208877517</subfield>
   <subfield code="a">Buchmalerei</subfield>
   <subfield code="2">gnd</subfield>
  </datafield>
  <datafield tag="689" ind1="0" ind2=" ">
   <subfield code="5">DE-101</subfield>
  </datafield>
  <datafield tag="689" ind1="1" ind2="0">
   <subfield code="d">u</subfield>
   <subfield code="0">(DE-588)4267763-4</subfield>
   <subfield code="0">(DE-627)104549173</subfield>
   <subfield code="0">(DE-576)210651350</subfield>
   <subfield code="a">Uta-Codex</subfield>
   <subfield code="2">gnd</subfield>
  </datafield>
  <datafield tag="689" ind1="1" ind2=" ">
   <subfield code="5">(DE-627)</subfield>
  </datafield>
  <datafield tag="700" ind1="1" ind2=" ">
   <subfield code="a">Pfändtner, Karl-Georg</subfield>
   <subfield code="d">1965-</subfield>
   <subfield code="0">(DE-588)114651957</subfield>
   <subfield code="0">(DE-627)647300141</subfield>
   <subfield code="0">(DE-576)176168524</subfield>
   <subfield code="4">oth</subfield>
  </datafield>
  <datafield tag="700" ind1="1" ind2=" ">
   <subfield code="a">Gullath, Brigitte</subfield>
   <subfield code="d">1953-2012</subfield>
   <subfield code="0">(DE-588)1027662250</subfield>
   <subfield code="0">(DE-627)729533794</subfield>
   <subfield code="0">(DE-576)373516428</subfield>
   <subfield code="4">oth</subfield>
  </datafield>
  <datafield tag="710" ind1="2" ind2=" ">
   <subfield code="a">Bayerische Staatsbibliothek</subfield>
   <subfield code="0">(DE-588)2031351-2</subfield>
   <subfield code="0">(DE-627)102398704</subfield>
   <subfield code="0">(DE-576)19182898X</subfield>
   <subfield code="4">oth</subfield>
  </datafield>
  <datafield tag="787" ind1="0" ind2="8">
   <subfield code="i">Rezensiert in</subfield>
   <subfield code="a">Cohen, Adam S.</subfield>
   <subfield code="t">[Rezension von: Karl-Georg Pfändtner / Brigitte Gullath, Der Uta-Codex. Frühe Regensburger Buchmalerei in Vollendung. Die Handschrift Clm 13601 der Bayerischen Staatsbibliothek]</subfield>
   <subfield code="d">2014</subfield>
   <subfield code="w">(DE-627)1797142372</subfield>
  </datafield>
  <datafield tag="856" ind1="4" ind2="2">
   <subfield code="u">http://ifb.bsz-bw.de/bsz377452165rez-1.pdf</subfield>
   <subfield code="m">B:DE-576;ifb</subfield>
   <subfield code="q">application/pdf</subfield>
   <subfield code="v">20140126163927</subfield>
   <subfield code="x">Verlag</subfield>
   <subfield code="3">Rezension</subfield>
  </datafield>
  <datafield tag="856" ind1="4" ind2="2">
   <subfield code="u">https://swbplus.bsz-bw.de/bsz377452165rez-2.htm</subfield>
   <subfield code="m">B:DE-576;DE-16</subfield>
   <subfield code="q">application/pdf</subfield>
   <subfield code="v">20140921141810</subfield>
   <subfield code="x">Verlag</subfield>
   <subfield code="3">Rezension</subfield>
  </datafield>
  <datafield tag="856" ind1="4" ind2="2">
   <subfield code="u">http://www.sehepunkte.de/2014/09/24434.html</subfield>
   <subfield code="m">V:DE-576;X:Sehepunkte</subfield>
   <subfield code="q">text/html</subfield>
   <subfield code="v">20180417093854</subfield>
   <subfield code="3">Rezension</subfield>
  </datafield>
  <datafield tag="936" ind1="r" ind2="v">
   <subfield code="a">AM 53800</subfield>
   <subfield code="b">Einzelne illuminierte Handschriften (CSN der Aufbewahrungsorte)</subfield>
   <subfield code="k">Schrift und Handschriftenkunde. Schriftarten und Schreiben</subfield>
   <subfield code="k">Handschriftenkunde</subfield>
   <subfield code="k">Buchmalerei</subfield>
   <subfield code="k">Einzelne illuminierte Handschriften (CSN der Aufbewahrungsorte)</subfield>
   <subfield code="0">(DE-627)127066638X</subfield>
   <subfield code="0">(DE-625)rvk/4360:</subfield>
   <subfield code="0">(DE-576)20066638X</subfield>
  </datafield>
  <datafield tag="951" ind1=" " ind2=" ">
   <subfield code="a">MC</subfield>
  </datafield>
  <datafield tag="990" ind1=" " ind2=" ">
   <subfield code="a">Uta-Codex</subfield>
  </datafield>
  <datafield tag="990" ind1=" " ind2=" ">
   <subfield code="a">Buchmalerei</subfield>
  </datafield>
  <datafield tag="990" ind1=" " ind2=" ">
   <subfield code="a">Uta-Codex</subfield>
  </datafield>
  <datafield tag="991" ind1=" " ind2=" ">
   <subfield code="a">Rezensiertes Werk</subfield>
  </datafield>
  <datafield tag="999" ind1=" " ind2=" ">
   <subfield code="a">KXP-PPN144745216X</subfield>
   <subfield code="e">4183712629</subfield>
  </datafield>
 </record>
</collection>
